[Event "Sant Adria de Besos op"]
[Site "Sant Adria de Besos ESP"]
[Date "2022.08.12"]
[Round "2.3"]
[White "Ivanov, Mike"]
[Black "Doraszelski, Alexander"]
[Result "1-0"]
[WhiteElo "2359"]
[BlackElo "2060"]
[WhiteFideId "-1"]
[WhiteFideId "-1"]
[PlyCount "103"]
[GameId "2129404718705406"]
[EventDate "2022.08.11"]
[EventType "swiss"]
[EventRounds "9"]
[EventCountry "ESP"]
[SourceTitle "10 Days #696"]
[Source "ChessMix"]
[SourceDate "2022.08.20"]
[SourceVersion "1"]
[SourceVersionDate "2022.08.20"]
[SourceQuality "1"]

{[%evp 0,103,23,9,46,43,38,2,38,15,16,5,70,49,82,-54,46,10,94,86,89,77,72,69,82,56,56,45,41,41,41,61,127,127,109,151,109,42,64,78,78,78,78,70,26,21,7,30,12,12,63,67,60,80,87,64,112,100,126,72,159,122,131,146,135,158,159,120,111,118,307,298,204,220,196,151,151,151,148,162,139,139,250,272,279,220,209,218,310,280,280,323,323,256,311,311,311,321,338,287,809,354,359,385,643,649]} 1. e4 c5 2. Ne2 d6 3. g3 g6 4. Bg2 Bg7 5. c3 e5 6. d4 Nc6 7. Be3 cxd4 8. cxd4 Nge7 9. d5 Nb8 10. Nbc3 O-O 11. O-O f5 12. f4 fxe4 13. Nxe4 Nf5 14. Bf2 b6 15. Ng5 Na6 16. Ne6 Bxe6 17. dxe6 Rb8 18. Rc1 Nc5 19. Bd5 Qe7 20. fxe5 dxe5 21. b4 Na6 22. a3 Kh8 23. Bc4 Rbd8 24. Qa4 Nb8 25. Rcd1 e4 26. Rxd8 Rxd8 27. Rd1 Rxd1+ 28. Qxd1 e3 29. Be1 Nd6 30. Bd5 Na6 31. Qd3 Nc7 32. Ba2 b5 33. Nf4 Be5 34. Qxe3 Bxf4 35. gxf4 Nc4 36. Bc3+ Kg8 37. Bxc4 bxc4 38. Qe5 Nxe6 39. Qh8+ Kf7 40. Qxh7+ Ke8 41. Qxg6+ Kd7 42. Qe4 Qd6 43. Qxc4 Qd1+ 44. Kf2 Qc2+ 45. Ke3 Qc1+ 46. Ke2 Qc2+ 47. Ke3 Qc1+ 48. Kf3 Qd1+ 49. Qe2 Ng5+ 50. Ke3 Qg1+ 51. Kd2 Qxh2 52. fxg5 1-0

[Event "Sant Adria de Besos op"]
[Site "Sant Adria de Besos ESP"]
[Date "2022.08.13"]
[Round "3.3"]
[White "Bakshi, Rutuja"]
[Black "Ivanov, Mike"]
[Result "0-1"]
[WhiteElo "2048"]
[BlackElo "2359"]
[WhiteFideId "-1"]
[WhiteFideId "-1"]
[PlyCount "122"]
[GameId "2130307572179854"]
[EventDate "2022.08.11"]
[EventType "swiss"]
[EventRounds "9"]
[EventCountry "ESP"]
[SourceTitle "10 Days #696"]
[Source "ChessMix"]
[SourceDate "2022.08.20"]
[SourceVersion "1"]
[SourceVersionDate "2022.08.20"]
[SourceQuality "1"]

1. d4 Nf6 2. Nf3 c5 3. e3 g6 4. Be2 Bg7 5. O-O O-O 6. b3 d5 7. Bb2 cxd4 8. exd4 Nc6 9. Nbd2 Nh5 10. Ne5 Nf4 11. Bg4 Qc7 12. Nxc6 Qxc6 13. Bf3 Qb6 14. g3 Nh3+ 15. Kh1 Rd8 16. Nb1 e5 17. dxe5 d4 18. Nd2 d3 19. Ne4 Bf5 20. Qd2 dxc2 21. Qxc2 Re8 22. Qd2 Bxe5 23. Bxe5 Rxe5 24. Nc3 Rd8 25. Qb2 Bd3 26. Na4 Qf6 27. Bg2 Qe6 28. Bxh3 Qxh3 29. Qxe5 Bxf1 30. Qe4 Bd3 31. Qe7 Rc8 32. Kg1 Qf5 33. Rd1 Qf3 34. Re1 Bb5 35. Qe3 Qxe3 36. Rxe3 Rc1+ 37. Kg2 Bc6+ 38. Kh3 Rc2 39. f3 Rxa2 40. Nc5 h5 41. Nd3 a5 42. g4 hxg4+ 43. fxg4 Ra3 44. Nc1 a4 45. Rd3 Ra1 46. Rc3 a3 47. Kh4 f6 48. g5 f5 49. Kg3 Be4 50. Kf4 Kf7 51. Ke5 Bc6 52. h4 Rb1 53. h5 gxh5 54. Kxf5 Rb2 55. g6+ Kg7 56. b4 Rxb4 57. Rxa3 Rb5+ 58. Kf4 Kxg6 59. Ke3 Rb4 60. Kf2 Rf4+ 61. Kg3 Rg4+ 0-1

[Event "Sant Adria de Besos op"]
[Site "Sant Adria de Besos ESP"]
[Date "2022.08.14"]
[Round "4.1"]
[White "Ivanov, Mike"]
[Black "Fernandez Guillen, Ernesto"]
[Result "0-1"]
[WhiteElo "2359"]
[BlackElo "2390"]
[WhiteFideId "-1"]
[WhiteFideId "-1"]
[PlyCount "98"]
[GameId "2129404718705417"]
[EventDate "2022.08.11"]
[EventType "swiss"]
[EventRounds "9"]
[EventCountry "ESP"]
[SourceTitle "10 Days #696"]
[Source "ChessMix"]
[SourceDate "2022.08.20"]
[SourceVersion "1"]
[SourceVersionDate "2022.08.20"]
[SourceQuality "1"]

{[%evp 0,36,24,30,5,22,5,13,96,63,54,67,61,47,55,36,44,60,42,36,39,21,28,-4,-4,-4,-4,-10,-9,-6,0,-24,-11,-36,-16,-19,-19,-19,-21]} 1. e4 e5 2. Nf3 Nc6 3. Nc3 g6 4. d4 exd4 5. Nxd4 Bg7 6. Nxc6 bxc6 7. Bc4 d6 8. O-O Be6 9. Bxe6 fxe6 10. Qf3 Rb8 11. b3 Qf6 12. Qxf6 Nxf6 13. Rb1 O-O 14. Bd2 Nd7 15. Na4 h6 16. Be3 Nb6 17. Nb2 Bxb2 18. Bxb6 axb6 19. Rxb2 b5 20. a3 Ra8 21. Ra2 Ra6 22. f3 Rfa8 23. Rfa1 Kf7 24. Kf2 c5 25. a4 Ra5 26. Ke3 d5 27. exd5 exd5 28. f4 Ke6 29. g4 Kd6 30. h4 d4+ 31. Kd3 Kd5 32. Re1 c4+ 33. Kd2 c5 34. Re5+ Kd6 35. bxc4 bxc4 36. Ra1 Rxa4 37. Rae1 Kc6 38. Re6+ Kb5 39. Rxg6 Ra1 40. Rxa1 Rxa1 41. f5 c3+ 42. Ke2 Rc1 43. f6 Rxc2+ 44. Kf3 Rc1 45. Kg2 c2 46. f7 Rg1+ 47. Kxg1 c1=Q+ 48. Kg2 Qc2+ 49. Kg1 Qb1+ 0-1

[Event "Sant Adria de Besos op"]
[Site "Sant Adria de Besos ESP"]
[Date "2022.08.14"]
[Round "5.2"]
[White "Jimenez Ruano, Adrian"]
[Black "Ivanov, Mike"]
[Result "0-1"]
[WhiteElo "2278"]
[BlackElo "2359"]
[WhiteFideId "-1"]
[WhiteFideId "-1"]
[PlyCount "84"]
[GameId "2129404718705426"]
[EventDate "2022.08.11"]
[EventType "swiss"]
[EventRounds "9"]
[EventCountry "ESP"]
[SourceTitle "10 Days #696"]
[Source "ChessMix"]
[SourceDate "2022.08.20"]
[SourceVersion "1"]
[SourceVersionDate "2022.08.20"]
[SourceQuality "1"]

{[%evp 0,25,19,31,14,-21,-20,0,44,28,18,8,75,80,128,129,89,75,86,69,72,86,72,78,99,87,69,74]} 1. d4 Nf6 2. c4 e6 3. Nf3 c5 4. d5 exd5 5. cxd5 d6 6. Nc3 g6 7. e4 Bg7 8. h3 O-O 9. Bd3 Re8 10. O-O Nbd7 11. Re1 Ne5 12. Nxe5 Rxe5 13. f4 Re8 14. Qf3 a6 15. a4 Rb8 16. Be3 Nd7 17. e5 dxe5 18. f5 c4 19. Bxc4 e4 20. Qf2 b5 21. axb5 axb5 22. Bf1 b4 23. fxg6 hxg6 24. Na4 Ne5 25. Ba7 Ra8 26. Kh1 Re7 27. Bc5 Re8 28. Bxb4 Nd3 29. Bxd3 exd3 30. Nc3 Rxa1 31. Rxa1 Bb7 32. Re1 Rxe1+ 33. Qxe1 Bxd5 34. Nxd5 Qxd5 35. Bc3 Bxc3 36. bxc3 Qe6 37. Qf2 Qe2 38. Kg1 Qd1+ 39. Qf1 Qc2 40. Qe1 d2 41. Qe8+ Kg7 42. Qe5+ Kh7 0-1

[Event "Sant Adria de Besos op"]
[Site "Sant Adria de Besos ESP"]
[Date "2022.08.16"]
[Round "7.4"]
[White "Ivanov, Mike"]
[Black "Domenech Vallejos, Josep Lluis"]
[Result "1-0"]
[WhiteElo "2359"]
[BlackElo "2055"]
[WhiteFideId "-1"]
[WhiteFideId "-1"]
[PlyCount "69"]
[GameId "2129404718705441"]
[EventDate "2022.08.11"]
[EventType "swiss"]
[EventRounds "9"]
[EventCountry "ESP"]
[SourceTitle "10 Days #696"]
[Source "ChessMix"]
[SourceDate "2022.08.20"]
[SourceVersion "1"]
[SourceVersionDate "2022.08.20"]
[SourceQuality "1"]

{[%evp 0,69,29,46,39,48,60,61,97,76,76,57,93,50,52,27,17,23,12,-11,-4,-34,17,43,49,45,65,83,65,43,35,33,33,-24,55,30,30,-5,-15,-2,-7,-92,78,89,77,87,198,215,230,229,233,221,265,273,273,282,286,285,301,289,308,280,372,348,373,404,409,399,475,497,567,574]} 1. e4 d5 2. exd5 Qxd5 3. Nc3 Qd8 4. d4 Nf6 5. h3 c6 6. Nge2 g6 7. Bg5 Bg7 8. Qd2 Nbd7 9. Bh6 O-O 10. h4 e5 11. Bxg7 Kxg7 12. h5 Qe7 13. O-O-O Nb6 14. Qg5 Re8 15. hxg6 fxg6 16. dxe5 Qxe5 17. Qh6+ Kg8 18. Nd4 Bg4 19. f3 Rad8 20. Bd3 Qe3+ 21. Qxe3 Rxe3 22. Nxc6 Rde8 23. Nxa7 Bd7 24. Nab5 Bc6 25. Nd4 Bd7 26. Ne4 Nxe4 27. Bxe4 Ra8 28. a3 Kg7 29. Bxb7 Rb8 30. Bc6 Bc8 31. Rhe1 Nc4 32. b3 Rxe1 33. Rxe1 Nxa3 34. Re7+ Kh6 35. Ra7 1-0

[Event "Sant Adria de Besos op"]
[Site "Sant Adria de Besos ESP"]
[Date "2022.08.17"]
[Round "8.2"]
[White "Ivanov, Mike"]
[Black "Vergara Jofre, Felipe"]
[Result "1-0"]
[WhiteElo "2359"]
[BlackElo "2196"]
[WhiteFideId "-1"]
[WhiteFideId "-1"]
[PlyCount "47"]
[GameId "2130307572183964"]
[EventDate "2022.08.11"]
[EventType "swiss"]
[EventRounds "9"]
[EventCountry "ESP"]
[SourceTitle "10 Days #696"]
[Source "ChessMix"]
[SourceDate "2022.08.20"]
[SourceVersion "1"]
[SourceVersionDate "2022.08.20"]
[SourceQuality "1"]

1. e4 e5 2. Nf3 Nf6 3. Nc3 Nc6 4. h3 Bb4 5. Nd5 Nxd5 6. exd5 Nd4 7. Nxd4 exd4 8. Qf3 O-O 9. Be2 Re8 10. O-O Qe7 11. Bd3 Bd6 12. b3 b6 13. c4 dxc3 14. dxc3 Qe5 15. g3 Bb7 16. Rd1 g6 17. Bb5 Re7 18. Bh6 Rae8 19. h4 a6 20. Bf1 c6 21. h5 b5 22. c4 bxc4 23. bxc4 cxd5 24. cxd5 1-0

[Event "Sant Adria de Besos op"]
[Site "Sant Adria de Besos ESP"]
[Date "2022.08.18"]
[Round "9.2"]
[White "Anustoop, Biswas"]
[Black "Ivanov, Mike"]
[Result "1-0"]
[WhiteElo "2145"]
[BlackElo "2359"]
[WhiteFideId "-1"]
[WhiteFideId "-1"]
[PlyCount "74"]
[GameId "2129404718705456"]
[EventDate "2022.08.11"]
[EventType "swiss"]
[EventRounds "9"]
[EventCountry "ESP"]
[SourceTitle "10 Days #696"]
[Source "ChessMix"]
[SourceDate "2022.08.20"]
[SourceVersion "1"]
[SourceVersionDate "2022.08.20"]
[SourceQuality "1"]

{[%evp 0,74,29,29,41,43,40,47,32,32,10,44,35,14,31,31,51,20,62,40,19,16,10,18,20,10,-10,-44,-11,-46,-50,0,0,0,0,0,0,-24,-42,-42,-33,-33,-1,-16,-27,-31,0,1,38,76,65,91,89,89,75,47,83,64,81,100,141,135,135,90,105,133,299,193,284,264,313,411,482,494,494,491,1058]} 1. e4 e6 2. d4 d5 3. Nd2 Be7 4. Bd3 c5 5. dxc5 Nf6 6. Qe2 O-O 7. Ngf3 a5 8. c3 Na6 9. e5 Nd7 10. O-O Naxc5 11. Bb5 Qc7 12. Nb3 Ne4 13. Nbd4 Nxe5 14. Nxe5 Qxe5 15. f3 Bd6 16. fxe4 Qxh2+ 17. Kf2 Qg3+ 18. Kg1 Qh2+ 19. Kf2 Qh4+ 20. Ke3 e5 21. Nf3 Qxe4+ 22. Kf2 Qg4 23. Rh1 Bf5 24. Rh4 Qg6 25. Nxe5 Bxe5 26. Qxe5 Be4 27. Rxe4 dxe4 28. Be3 Rad8 29. Kg1 Qg4 30. Bd4 f6 31. Qc7 f5 32. Rf1 h5 33. Bd7 Rxd7 34. Qxd7 h4 35. Rf4 Qg3 36. Qe6+ Kh7 37. Qe7 Rg8 1-0

[Event "Arber op 09th"]
[Site "Bodenmais"]
[Date "2022.07.30"]
[Round "1"]
[White "Ivanov, Mike"]
[Black "Malditz, Dieter"]
[Result "1-0"]
[WhiteElo "2359"]
[BlackElo "1786"]
[WhiteFideId "-1"]
[WhiteFideId "-1"]
[PlyCount "45"]
[GameId "1811739764359168"]
[EventDate "2022.07.30"]
[EventType "swiss"]
[EventRounds "9"]
[EventCountry "GER"]
[SourceTitle "CBM 209 Extra"]
[Source "ChessBase"]
[SourceDate "2022.09.30"]
[SourceVersion "1"]
[SourceVersionDate "2022.09.30"]
[SourceQuality "1"]

1. e4 c6 2. Nf3 d5 3. Nc3 Bg4 4. d4 dxe4 5. Nxe4 Nf6 6. Nxf6+ exf6 7. Be2 Bd6 8. h3 Bf5 9. O-O O-O 10. Be3 Nd7 11. Nh4 Be6 12. c4 Nb8 13. Qb3 b5 14. Rfd1 Qe7 15. d5 bxc4 16. Bxc4 Bc8 17. Rac1 g5 18. Nf3 g4 19. hxg4 Bxg4 20. Bh6 Rc8 21. Re1 Qc7 22. Nd4 cxd5 23. Bxd5 1-0

[Event "Arber op 09th"]
[Site "Bodenmais"]
[Date "2022.07.31"]
[Round "2"]
[White "Schultes, Christoph"]
[Black "Ivanov, Mike"]
[Result "0-1"]
[WhiteElo "1946"]
[BlackElo "2359"]
[WhiteFideId "-1"]
[WhiteFideId "-1"]
[PlyCount "118"]
[GameId "1811739764486144"]
[EventDate "2022.07.30"]
[EventType "swiss"]
[EventRounds "9"]
[EventCountry "GER"]
[SourceTitle "CBM 209 Extra"]
[Source "ChessBase"]
[SourceDate "2022.09.30"]
[SourceVersion "1"]
[SourceVersionDate "2022.09.30"]
[SourceQuality "1"]

1. d4 Nf6 2. Nf3 g6 3. Bg5 Bg7 4. Nbd2 O-O 5. c3 d6 6. e4 c5 7. dxc5 dxc5 8. Be2 Qc7 9. Qc2 Nh5 10. Nc4 Nf4 11. Bxf4 Qxf4 12. Ne3 Nc6 13. O-O Be6 14. Nd2 Rac8 15. a4 Rfd8 16. Bc4 Bd7 17. Nd5 Qb8 18. f4 e6 19. Ne3 a6 20. e5 b5 21. axb5 axb5 22. Be2 Nd4 23. Qd1 Nxe2+ 24. Qxe2 Bc6 25. Ng4 Qb7 26. Nb3 Bd5 27. Nd2 Bxg2 28. Rf2 Bc6 29. h4 Qe7 30. h5 Qh4 31. Nh2 Qg3+ 32. Kf1 Qh3+ 33. Ke1 Ra8 34. Rb1 Rd3 35. Nhf3 Rad8 36. Ne4 Rxf3 37. Rxf3 Qh1+ 38. Rf1 Qxe4 39. Ra1 Qd5 40. hxg6 hxg6 41. Rd1 Qxd1+ 42. Qxd1 Rxd1+ 43. Kxd1 g5 44. fxg5 Bxe5 45. Kd2 Kg7 46. Ra1 Bf4+ 47. Kd3 Bxg5 48. Ra6 Bd5 49. Rb6 Bc4+ 50. Kc2 Kf6 51. b3 Be2 52. Rb7 e5 53. Rc7 Be3 54. Rb7 e4 55. Rc7 Ke6 56. Rc8 f5 57. Rb8 Bd3+ 58. Kd1 f4 59. Re8+ Kf7 0-1

[Event "Arber op 09th"]
[Site "Bodenmais"]
[Date "2022.08.01"]
[Round "3"]
[White "Ivanov, Mike"]
[Black "Schmahl, Stephan"]
[Result "1/2-1/2"]
[WhiteElo "2359"]
[BlackElo "2061"]
[WhiteFideId "-1"]
[WhiteFideId "-1"]
[PlyCount "72"]
[GameId "1811739764555776"]
[EventDate "2022.07.30"]
[EventType "swiss"]
[EventRounds "9"]
[EventCountry "GER"]
[SourceTitle "CBM 209 Extra"]
[Source "ChessBase"]
[SourceDate "2022.09.30"]
[SourceVersion "1"]
[SourceVersionDate "2022.09.30"]
[SourceQuality "1"]

1. e4 d5 2. exd5 Qxd5 3. Nc3 Qa5 4. d4 Nf6 5. Nf3 Bf5 6. Ne5 c6 7. g4 Be6 8. Bc4 Nbd7 9. Bxe6 Nxe5 10. Bb3 O-O-O 11. Be3 e6 12. f3 c5 13. Bd2 cxd4 14. Nd5 Qa6 15. Nxf6 gxf6 16. f4 Qc6 17. Rf1 Qe4+ 18. Qe2 Qxe2+ 19. Kxe2 Nxg4 20. f5 Nxh2 21. Rg1 h5 22. Rg2 Ng4 23. Rh1 Bc5 24. fxe6 Rde8 25. Rg3 fxe6 26. Rgh3 e5 27. Rxh5 Rxh5 28. Rxh5 Re7 29. Bd5 Kc7 30. b4 Bb6 31. a4 a6 32. a5 Ba7 33. Be4 Ne3 34. Bxe3 dxe3 35. Rh6 Bd4 36. Rxf6 Rd7 1/2-1/2

[Event "Arber op 09th"]
[Site "Bodenmais"]
[Date "2022.08.02"]
[Round "4"]
[White "Hoffmann, Sebastian1"]
[Black "Ivanov, Mike"]
[Result "0-1"]
[WhiteElo "2148"]
[BlackElo "2359"]
[WhiteFideId "-1"]
[WhiteFideId "-1"]
[PlyCount "80"]
[GameId "1811739764641792"]
[EventDate "2022.07.30"]
[EventType "swiss"]
[EventRounds "9"]
[EventCountry "GER"]
[SourceTitle "CBM 209 Extra"]
[Source "ChessBase"]
[SourceDate "2022.09.30"]
[SourceVersion "1"]
[SourceVersionDate "2022.09.30"]
[SourceQuality "1"]

1. d4 Nf6 2. c4 e6 3. Nc3 Bb4 4. Qc2 O-O 5. a3 Bxc3+ 6. Qxc3 b5 7. cxb5 c6 8. Bg5 cxb5 9. e3 h6 10. Bh4 Bb7 11. Nf3 a6 12. Bd3 Nc6 13. O-O Ne7 14. Nd2 Nfd5 15. Qb3 f5 16. e4 Nf4 17. f3 Qe8 18. Bg3 Neg6 19. a4 bxa4 20. Qxb7 Nxd3 21. Rxa4 Ngf4 22. b3 Ne2+ 23. Kh1 Qh5 24. Bd6 Qg5 25. f4 Qh4 26. Raa1 Ng3+ 27. Kg1 Ne2+ 28. Kh1 Nf2+ 29. Rxf2 Qxf2 30. Bxf8 Nxf4 31. exf5 Rxf8 32. g3 Qxd2 33. gxf4 Qxd4 34. Rxa6 Qxf4 35. Ra1 Rxf5 36. Rg1 Rd5 37. Qc8+ Kf7 38. Qc2 Qf3+ 39. Qg2 Qxg2+ 40. Kxg2 Rg5+ 0-1

[Event "Arber op 09th"]
[Site "Bodenmais"]
[Date "2022.08.03"]
[Round "5"]
[White "Ivanov, Mike"]
[Black "Loeffler, Markus"]
[Result "1-0"]
[WhiteElo "2359"]
[BlackElo "2278"]
[WhiteFideId "-1"]
[WhiteFideId "-1"]
[PlyCount "93"]
[GameId "1811739764740096"]
[EventDate "2022.07.30"]
[EventType "swiss"]
[EventRounds "9"]
[EventCountry "GER"]
[SourceTitle "CBM 209 Extra"]
[Source "ChessBase"]
[SourceDate "2022.09.30"]
[SourceVersion "1"]
[SourceVersionDate "2022.09.30"]
[SourceQuality "1"]

1. e4 c5 2. Nc3 d6 3. d4 cxd4 4. Qxd4 Nc6 5. Qd2 g6 6. b3 Bh6 7. f4 Nf6 8. Bb2 O-O 9. O-O-O a5 10. Bb5 Qb6 11. Ba4 Bg4 12. Rf1 Rac8 13. h3 Be6 14. Bxc6 Qxc6 15. Qd3 b5 16. Qxb5 Qxb5 17. Nxb5 Nxe4 18. Ne2 a4 19. Nbc3 Nxc3 20. Bxc3 Rc7 21. Ba5 Ra7 22. Bb6 Ra6 23. Bd4 Rc8 24. Kd2 Bf5 25. Rc1 e5 26. Be3 axb3 27. axb3 Ra2 28. Nc3 Rb2 29. g4 exf4 30. gxf5 fxe3+ 31. Kd3 e2 32. Rb1 Rxb1 33. Rxb1 Re8 34. Re1 Re3+ 35. Kd4 Rxh3 36. Nd5 Bg7+ 37. f6 Rh4+ 38. Kd3 Rh3+ 39. Kxe2 Bh8 40. b4 Rh5 41. c4 Re5+ 42. Kd2 Rxe1 43. Kxe1 Bxf6 44. Nxf6+ Kf8 45. Nxh7+ Ke7 46. Ke2 Kd7 47. Nf6+ 1-0

[Event "Arber op 09th"]
[Site "Bodenmais"]
[Date "2022.08.04"]
[Round "6"]
[White "Ehmann, Thilo"]
[Black "Ivanov, Mike"]
[Result "1/2-1/2"]
[WhiteElo "2391"]
[BlackElo "2359"]
[WhiteFideId "-1"]
[WhiteFideId "-1"]
[PlyCount "74"]
[GameId "1811739764797440"]
[EventDate "2022.07.30"]
[EventType "swiss"]
[EventRounds "9"]
[EventCountry "GER"]
[SourceTitle "CBM 209 Extra"]
[Source "ChessBase"]
[SourceDate "2022.09.30"]
[SourceVersion "1"]
[SourceVersionDate "2022.09.30"]
[SourceQuality "1"]

1. e4 d5 2. exd5 Nf6 3. d4 Nxd5 4. Nf3 g6 5. c4 Nb6 6. h3 Bg7 7. Nc3 O-O 8. Be2 Nc6 9. Be3 e5 10. d5 Ne7 11. g4 f5 12. Qd2 e4 13. Nh4 f4 14. Bxf4 Nexd5 15. cxd5 Qxh4 16. Bg3 Qf6 17. O-O-O Re8 18. Qe3 c6 19. dxc6 bxc6 20. Rd6 Be6 21. Qd2 Qf7 22. Rxc6 Rad8 23. Qf4 Bxa2 24. Qxf7+ Bxf7 25. Rd1 Rxd1+ 26. Bxd1 e3 27. fxe3 Rxe3 28. Bb8 Rxh3 29. Bxa7 Nd7 30. Rc8+ Nf8 31. Be2 Be6 32. Bc4 Bxc4 33. Rxc4 Ne6 34. Nd1 h5 35. gxh5 gxh5 36. Be3 Rf3 37. b4 Rf5 1/2-1/2

[Event "Arber op 09th"]
[Site "Bodenmais"]
[Date "2022.08.05"]
[Round "7"]
[White "Milov, Leonid"]
[Black "Ivanov, Mike"]
[Result "1/2-1/2"]
[WhiteElo "2420"]
[BlackElo "2359"]
[WhiteFideId "-1"]
[WhiteFideId "-1"]
[PlyCount "53"]
[GameId "1811739764891648"]
[EventDate "2022.07.30"]
[EventType "swiss"]
[EventRounds "9"]
[EventCountry "GER"]
[SourceTitle "CBM 209 Extra"]
[Source "ChessBase"]
[SourceDate "2022.09.30"]
[SourceVersion "1"]
[SourceVersionDate "2022.09.30"]
[SourceQuality "1"]

1. e4 e6 2. d4 d5 3. Nd2 Nf6 4. e5 Nfd7 5. Bd3 c5 6. c3 Nc6 7. Ne2 cxd4 8. cxd4 f6 9. exf6 Nxf6 10. Nf3 Bd6 11. O-O Qc7 12. g3 O-O 13. Bf4 Ng4 14. Rc1 e5 15. dxe5 Ngxe5 16. Nxe5 Bxe5 17. Bxe5 Qxe5 18. Nf4 Bf5 19. Rc3 Bxd3 20. Nxd3 Qf6 21. Nc5 d4 22. Rc1 Rf7 23. Qb3 Ne5 24. f4 Ng4 25. Nd7 Qh6 26. h4 Rd8 27. Ne5 1/2-1/2

[Event "Arber op 09th"]
[Site "Bodenmais"]
[Date "2022.08.06"]
[Round "8"]
[White "Ivanov, Mike"]
[Black "Yelisieiev, Yevhenii"]
[Result "0-1"]
[WhiteElo "2359"]
[BlackElo "2383"]
[WhiteFideId "-1"]
[WhiteFideId "-1"]
[PlyCount "88"]
[GameId "1811739764998144"]
[EventDate "2022.07.30"]
[EventType "swiss"]
[EventRounds "9"]
[EventCountry "GER"]
[SourceTitle "CBM 209 Extra"]
[Source "ChessBase"]
[SourceDate "2022.09.30"]
[SourceVersion "1"]
[SourceVersionDate "2022.09.30"]
[SourceQuality "1"]

1. e4 c5 2. Nf3 e6 3. c3 Nf6 4. Bd3 d5 5. e5 Nfd7 6. Bc2 c4 7. O-O Nc6 8. Re1 Qc7 9. Qe2 g5 10. Na3 a6 11. d4 cxd3 12. Bxd3 g4 13. Nd4 Ndxe5 14. Bc2 Bd6 15. Bh6 f6 16. Rad1 Qf7 17. Bf4 Nf3+ 18. Nxf3 Bxf4 19. Nd4 Qh5 20. g3 Be5 21. Ba4 Bd7 22. Nxc6 bxc6 23. Nc2 Kf7 24. Nb4 Rhc8 25. Nxa6 Bd6 26. b4 e5 27. Bb3 Kg7 28. a4 Bf5 29. Qf1 Qh3 30. Qxh3 gxh3 31. b5 Bf8 32. Rd2 Bd7 33. c4 Rxa6 34. bxa6 Bb4 35. Red1 Bxd2 36. Rxd2 d4 37. c5 Ra8 38. Bc4 Bc8 39. Bf1 Bxa6 40. Bxh3 Bc4 41. Bg2 Rxa4 42. Bxc6 Ra1+ 43. Kg2 Bf1+ 44. Kf3 f5 0-1

[Event "Arber op 09th"]
[Site "Bodenmais"]
[Date "2022.08.07"]
[Round "9"]
[White "Lohvinov, Petro"]
[Black "Ivanov, Mike"]
[Result "1/2-1/2"]
[WhiteElo "2232"]
[BlackElo "2359"]
[WhiteFideId "-1"]
[WhiteFideId "-1"]
[PlyCount "100"]
[GameId "1811739765108736"]
[EventDate "2022.07.30"]
[EventType "swiss"]
[EventRounds "9"]
[EventCountry "GER"]
[SourceTitle "CBM 209 Extra"]
[Source "ChessBase"]
[SourceDate "2022.09.30"]
[SourceVersion "1"]
[SourceVersionDate "2022.09.30"]
[SourceQuality "1"]

1. e4 g6 2. d4 Bg7 3. Nc3 c6 4. h3 d5 5. Nf3 Nf6 6. e5 Ne4 7. Nxe4 dxe4 8. Ng5 c5 9. Bc4 O-O 10. c3 cxd4 11. cxd4 Nc6 12. Be3 Na5 13. Be2 f5 14. h4 f4 15. Bd2 h6 16. Qa4 hxg5 17. Bxa5 b6 18. Bc4+ e6 19. Bb4 Bd7 20. Qc2 Rf5 21. Qxe4 Rc8 22. Bb3 gxh4 23. Rd1 a5 24. d5 Qe8 25. Bd6 a4 26. dxe6 Bxe6 27. Bd5 Qf7 28. Rxh4 g5 29. Rh3 Rd8 30. Bxe6 Qxe6 31. Rd5 Bxe5 32. Rxe5 Qxd6 33. Re8+ Rxe8 34. Qxe8+ Rf8 35. Qh5 Qe5+ 36. Kf1 Qg7 37. Qh6 Rf6 38. Qxg7+ Kxg7 39. Ke2 Rc6 40. Kd2 Kg6 41. Rc3 Rf6 42. Rc4 b5 43. Rc5 f3 44. g4 Re6 45. Rxb5 Re2+ 46. Kd3 a3 47. bxa3 Rxf2 48. Rb6+ Kg7 49. Ke3 Rxa2 50. Kxf3 Rxa3+ 1/2-1/2

[Event "Titled Tuesday 2022.06.28 Early"]
[Site "Chess.com INT"]
[Date "2022.06.28"]
[Round "2"]
[White "Ivanov, Mike"]
[Black "Saito, Vinicius Ikezu"]
[Result "1-0"]
[WhiteElo "2359"]
[BlackElo "2138"]
[WhiteFideId "-1"]
[WhiteFideId "-1"]
[PlyCount "55"]
[GameId "1798853145784320"]
[EventDate "2022.06.28"]
[EventType "swiss (blitz)"]
[EventRounds "11"]
[EventCountry "NET"]
[SourceTitle "CBM 209 Extra"]
[Source "ChessBase"]
[SourceDate "2022.09.30"]
[SourceVersion "1"]
[SourceVersionDate "2022.09.30"]
[SourceQuality "1"]

1. e4 c5 2. Nf3 d6 3. Bb5+ Nd7 4. Ba4 Ngf6 5. Qe2 e5 6. O-O Be7 7. c3 O-O 8. d4 Qc7 9. Rd1 a6 10. Bc2 Re8 11. a4 Rb8 12. Na3 Nf8 13. dxe5 dxe5 14. Nh4 Ng6 15. Nf5 Bf8 16. g3 Bd7 17. Bg5 Bc6 18. Bxf6 gxf6 19. Nc4 b5 20. axb5 axb5 21. Nce3 Red8 22. Nd5 Bxd5 23. exd5 c4 24. Qe4 b4 25. h4 Bg7 26. h5 Nf8 27. h6 Bh8 28. d6 1-0

[Event "Titled Tuesday 2022.06.28 Early"]
[Site "chess.com INT"]
[Date "2022.06.28"]
[Round "7"]
[White "Kupervaser, Erez"]
[Black "Ivanov, Mike"]
[Result "1/2-1/2"]
[WhiteElo "2378"]
[BlackElo "2359"]
[WhiteFideId "-1"]
[WhiteFideId "-1"]
[PlyCount "150"]
[GameId "2130307574378653"]
[EventDate "2022.06.28"]
[EventType "swiss (blitz)"]
[EventRounds "11"]
[EventCountry "NET"]
[SourceTitle "The Week in Chess 1443"]
[Source "Mark Crowther"]
[SourceDate "2022.07.04"]
[SourceVersion "1"]
[SourceVersionDate "2022.07.04"]
[SourceQuality "2"]

1. e4 e6 2. d4 d5 3. Nc3 Bb4 4. a3 Bxc3+ 5. bxc3 dxe4 6. Qg4 Nf6 7. Qxg7 Rg8 8. Qh6 Bd7 9. Bg5 Rg6 10. Qh4 Ba4 11. Ne2 h6 12. Bxh6 Nd5 13. Qh3 Bxc2 14. Nf4 Rg8 15. Rc1 Ba4 16. Nxe6 Qe7 17. Nc5 Bd7 18. Nxd7 Nxd7 19. c4 N5f6 20. Be3 Qxa3 21. Be2 Qb4+ 22. Bd2 Qb2 23. Be3 Qb4+ 24. Bd2 Qb2 25. d5 O-O-O 26. Rd1 Kb8 27. Bc3 Qc2 28. Qe3 Rxg2 29. Rc1 Qb3 30. Kd2 Rdg8 31. Rb1 Qa3 32. Ra1 Qc5 33. Bd4 Qb4+ 34. Kc2 Qd6 35. Rhb1 Nb6 36. c5 Qxd5 37. cxb6 cxb6 38. Bxb6 Rc8+ 39. Kb2 axb6 40. Qxb6 Qd2+ 41. Ka3 Rc3+ 42. Ka4 Qd7+ 43. Rb5 Rg5 44. Rab1 Rc2 45. Qxb7+ Qxb7 46. Rxb7+ Kc8 47. Rb8+ Kd7 48. R8b7+ Ke6 49. R1b6+ Kf5 50. Rxf7 Rg6 51. Bh5 Ra2+ 52. Kb3 Rxf2 53. Bxg6+ Kxg6 54. Rf8 e3 55. Kc3 e2 56. Kd2 Kg7 57. Rfxf6 e1=Q+ 58. Kxe1 Rxf6 59. Rxf6 Kxf6 60. Kf2 Kg5 61. Kg3 Kh5 62. h4 Kh6 63. Kh3 Kh7 64. Kg4 Kh8 65. Kg5 Kg8 66. Kh6 Kh8 67. h5 Kg8 68. Kg6 Kh8 69. Kh6 Kg8 70. Kg6 Kh8 71. h6 Kg8 72. Kh5 Kh8 73. Kg6 Kg8 74. h7+ Kh8 75. Kf7 Kxh7 1/2-1/2